Commentary on John / (Record no. 10353)

MARC details
000 -LEADER
fixed length control field 01426cam a2200385 i 4500
001 - CONTROL NUMBER
control field 17552273
003 - CONTROL NUMBER IDENTIFIER
control field GBCCL
005 - DATE AND TIME OF LATEST TRANSACTION
control field 20241126110730.0
008 - FIXED-LENGTH DATA ELEMENTS--GENERAL INFORMATION
fixed length control field 121206m20139999ilu 000 0 eng
010 ## -
-- 2012041093
020 ## - INTERNATIONAL STANDARD BOOK NUMBER
International Standard Book Number 9780830829118 (hardcover)
020 ## - INTERNATIONAL STANDARD BOOK NUMBER
International Standard Book Number 9780830829125 (v. 2)
040 ## - CATALOGING SOURCE
Original cataloging agency DLC
Language of cataloging eng
Transcribing agency DLC
Description conventions rda
Modifying agency DLC
041 1# -
-- eng
-- grc
042 ## -
-- pcc
050 00 -
-- BR65.C953
-- I413 2013
082 00 - DEWEY DECIMAL CLASSIFICATION NUMBER
Classification number 220.7
-- 226.5/07
Edition information 23
Item number ANC
100 0# - MAIN ENTRY--PERSONAL NAME
Personal name Cyril,
Titles and words associated with a name Saint, Patriarch of Alexandria,
Dates associated with a name approximately 370-444.
9 (RLIN) 17970
240 10 -
-- Commentary on John.
-- English.
-- (Maxwell)
245 10 - TITLE STATEMENT
Title Commentary on John /
Statement of responsibility, etc. Cyril of Alexandria ; translated with an introduction and notes by David R. Maxwell ; edited by Joel C. Elowsky.
264 #1 - PRODUCTION, PUBLICATION, DISTRIBUTION, MANUFACTURE, AND COPYRIGHT NOTICE
Place of production, publication, distribution, manufacture Downers Grove, Illinois :
Name of producer, publisher, distributor, manufacturer InterVarsity Press,
Date of production, publication, distribution, manufacture, or copyright notice [2013]-<2015 >
300 ## - PHYSICAL DESCRIPTION
Extent volumes ;
Dimensions 27 cm.
336 ## - CONTENT TYPE
Content type term text
-- rdacontent
337 ## - MEDIA TYPE
Media type term unmediated
-- rdamedia
338 ## - CARRIER TYPE
Carrier type term volume
-- rdacarrier
490 0# - SERIES STATEMENT
Series statement Ancient Christian texts
500 ## - GENERAL NOTE
General note Includes index.
546 ## - LANGUAGE NOTE
Language note Translated from Greek.
630 00 - SUBJECT ADDED ENTRY--UNIFORM TITLE
Uniform title Bible.
Name of part/section of a work John
Form subdivision Commentaries
-- Early works to 1800.
9 (RLIN) 17971
700 1# - ADDED ENTRY--PERSONAL NAME
Personal name Maxwell, David R.,
Dates associated with a name 1968-
9 (RLIN) 17972
700 1# - ADDED ENTRY--PERSONAL NAME
Personal name Elowsky, Joel C.,
Dates associated with a name 1963-
9 (RLIN) 17965
906 ## - LOCAL DATA ELEMENT F, LDF (RLIN)
a 7
b cbc
c orignew
d 1
e ocip
f 20
g y-gencatlg
942 ## - ADDED ENTRY ELEMENTS (KOHA)
Source of classification or shelving scheme Dewey Decimal Classification
Koha item type Reference Books
Holdings
Withdrawn status Lost status Source of classification or shelving scheme Damaged status Not for loan Home library Current Library Shelving location Date acquired Total checkouts Full call number Barcode Date last seen Copy number Price effective from Koha item type
    Dewey Decimal Classification     GRACE BIBLE COLLEGE GRACE BIBLE COLLEGE Commentary 2024-06-27   220.7 ANC 016980 2025-05-01 c.1 2024-06-27 Reference Books
© Grace Bible College Library 2025